000 00509nam a2200169 4500
001 126231
003 ES-MaACL
005 20230906192800.0
007 t|
008 070214s1973 sp r ||||1| spa d
100 1 _aRemarque, Erich Maria.
_996115
245 1 0 _aDestello de vida /
_cErich Maria Remarque ; [traducción de Francisco Elías].
260 _aBarcelona :
_bPlaza & Janés,
_c1973.
300 _a572 p. ;
_c19 cm.
700 1 _aElías, Francisco.
_946960
852 _aES-MaACL
_jC-54590
_bR.87393
999 _c126231
_d126231